000 00573cam a22001931 4500
001 ne 68002138
003 DLC
005 20260227111842.0
008 960912q19671968ir f 000 0 perr
010 _ane 68002138
035 _a(OCoLC)35528028
040 _aDLC
_cCLU
_dCLU
_dDLC
042 _apremarc
050 0 0 _aPK6561.A38
_bN5
100 2 _aĀl Aḥmad, Jalāl.
245 1 0 _aNifrīn-i zamīn
_c[az] Jalāl Al Aḥmad. Bā shish taṣvīr az Hānībāl al-Khāṣṣ.
260 _a[Tihrān]
_bIntishārāt-i Nīl
_c[1967 or 8]
300 _a293 p.
_bplates.
_c21 cm.
999 _c50455
_d50455